Religious Figures' First Names Quiz Stats

Quiz Updated Sep 13, 2014

Challenge
Share
Tweet
Embed
Score 0/30 Timer 04:00
2 Plays Today
Hint First Name % Correct
French saintJoan
93.8%
95 thesesMartin
92.4%
Calcutta nunMother
90%
Jewish RabbiJesus
89.8%
Nation of IslamMalcolm
83.4%
Nonviolent resistanceMohandas
82.5%
Italian priestThomas
81.9%
South Africa ArchbishopDesmond
80.2%
Reformation pastorJohn
79.6%
TibetDalai
78.6%
EvangelistBilly
73.1%
ScientologyL. Ron
68%
Mormonism founderJoseph
58.5%
Christian authorC. S.
58.3%
Moral MajorityJerry
56.2%
Hint First Name % Correct
Iran Supreme LeaderAyatollah
56%
LDS pioneerBrigham
55%
Jonestown MassacreJim
54.8%
Spiritual authorDeepak
50.7%
Nation of IslamLouis
48.8%
TelevangelismPat
48%
TheologianAlbert
44.4%
Pope John Paul IIKarol
43%
Korean Unification ChurchSun
38.7%
Christian ScienceMary
37.6%
Maccabean revoltJudah
35.1%
Supreme BuddhaSiddhārtha
29.7%
German pastorDietrich
25.1%
Founder of QuakersGeorge
14.3%
Jewish philosopherMoses
12.3%

You're not logged in!

Compare scores with friends on all Sporcle quizzes.
Sign Up with Email
OR
Log In

You Might Also Like...

Show Comments

Extras

Top Quizzes Today


Score Distribution

Your Account Isn't Verified!

In order to create a playlist on Sporcle, you need to verify the email address you used during registration. Go to your Sporcle Settings to finish the process.